Essentials of Accounting for Government and Not for Profit Organizations, (Record no. 5596)

MARC details
005 - DATE AND TIME OF LATEST TRANSACTION
control field 20250627111700.0
020 ## - INTERNATIONAL STANDARD BOOK NUMBER
International Standard Book Number 0-07-282937-3
082 ## - DEWEY DECIMAL CLASSIFICATION NUMBER
Classification number 657.835'00973 ENG,
100 ## - MAIN ENTRY--PERSONAL NAME
Author name ENGSTROM, J.H.
245 ## - TITLE STATEMENT
Title Essentials of Accounting for Government and Not for Profit Organizations,
250 ## - EDITION STATEMENT
Edition statement 7th Ed.
260 ## - PUBLICATION, DISTRIBUTION, ETC.
Place of publication, distribution, etc. New York,
Name of publisher, distributor, etc. McGraw-Hill Irwin,
Date of publication, distribution, etc. 2004.
300 ## - PHYSICAL DESCRIPTION
Extent xi,; 443p: ill,; figure,
Other physical details Index,
Dimensions 23cm.
700 ## - ADDED ENTRY--PERSONAL NAME
Other authors/Editors COPLEY, P.A.
942 ## - ADDED ENTRY ELEMENTS (KOHA)
Source of classification or shelving scheme Dewey Decimal Classification
Koha item type Books
Holdings
Date last seen Total checkouts Full call number Barcode Cost, replacement price Price effective from Koha item type Lost status Source of classification or shelving scheme Damaged status Not for loan Withdrawn status Home library Current library Shelving location Date acquired Cost, normal purchase price Source of acquisition
06/27/2025   657.835'00973 ENG DOM000446 45000.00 06/27/2025 Books   Dewey Decimal Classification       CBE Dodoma CBE Dodoma General Collection 06/27/2006 15000.00  
06/27/2025   657.835'00973 ENG DOM000221 45000.00 06/27/2025 Books   Dewey Decimal Classification       CBE Dodoma CBE Dodoma General Collection 06/27/2006 15000.00  
06/28/2025   657.835'00973 ENG DOM000408 45000.00 06/27/2025 Books   Dewey Decimal Classification       CBE Dodoma CBE Dodoma General Collection 06/27/2006 15000.00 Gift of Subre Foundation, USA